National Geographic kids almanac 2010. (Record no. 57384)

MARC details
000 -LEADER
fixed length control field 01483nam a22003137a 4500
005 - DATE AND TIME OF LATEST TRANSACTION
control field 20111007141814.0
010 ## - LCCN (DPL NO)
LC control number G-001702
020 ## - INTERNATIONAL STANDARD BOOK NUMBER
International Standard Book Number 9781426305016 (Pbk)
Terms of availability 982.00
020 ## - INTERNATIONAL STANDARD BOOK NUMBER
International Standard Book Number 9781426305013 (Hb)
Terms of availability 982.00
035 ## - SYSTEM CONTROL NUMBER
System control number G-001702
037 ## - SOURCE OF ACQUISITION
Source of stock number/acquisition National Geographic Society, 1145 17th St. NW, Washington, DC 20036-4688
082 10 - DEWEY DECIMAL CLASSIFICATION NUMBER
Classification number 032.02
Edition number 14
222 #0 - KEY TITLE
Key title National Geographic kids almanac
245 00 - TITLE STATEMENT
Title National Geographic kids almanac 2010.
246 1# - VARYING FORM OF TITLE
Title proper/short title Kids almanac 2010
260 ## - PUBLICATION, DISTRIBUTION, ETC. (IMPRINT)
Place of publication, distribution, etc Washington, D.C. :
Name of publisher, distributor, etc National Geographic,
Date of publication, distribution, etc c2010-
270 ## - ADDRESS
Address National Geographic Society, 1145 17th St. NW, Washington, DC 20036-4688
City Washington, DC
300 ## - PHYSICAL DESCRIPTION
Extent 351p. :
Other physical details ill. (chiefly col.), col. maps ;
Dimensions 24 cm. (Hb)
500 ## - GENERAL NOTE
General note Includes index.
520 ## - SUMMARY, ETC.
Summary, etc Amazing animals will take readers into the wild and into the water. Discover cultural connections from food, currency, literature and lots more from around the world.
650 #0 - SUBJECT ADDED ENTRY--TOPICAL TERM
Topical term or geographic name as entry element Almanacs, Children's
Form subdivision Juvenile literature.
650 #0 - SUBJECT ADDED ENTRY--TOPICAL TERM
Topical term or geographic name as entry element Almanacs, American
Form subdivision Juvenile literature.
650 #0 - SUBJECT ADDED ENTRY--TOPICAL TERM
Topical term or geographic name as entry element Curiosities and wonders
Form subdivision Juvenile literature.
710 2# - ADDED ENTRY--CORPORATE NAME
Corporate name or jurisdiction name as entry element National Geographic Society (U.S.)
9 (RLIN) 35305
942 ## - ADDED ENTRY ELEMENTS (KOHA)
Source of classification or shelving scheme Dewey Decimal Classification
Item type Children Books
Classification part 032.02
Call number suffix NAT
Holdings
Withdrawn status Lost status Not for loan Collection code Home library Current library Date acquired Source of acquisition Cost, normal purchase price Full call number Barcode Copy number Cost, replacement price Koha item type
    Not For Loan Non-fiction Janak Puri Janak Puri 07/10/2011 gift 982.00 032.02 NAT G-001702 1 982.00 Children Books

© Delhi Public Library
Hit Counter
free hit counter